City to Country Tile Select #4 - Statistics

General Stats
  • This quiz has been taken 1,872 times
  • The average score is 48 of 60
Answer Stats
Question Tile Select % Correct
Greece Istanbul No
100%
Greece Athens Yes
99%
Greece Skopje No
99%
Greece Sofia No
99%
South Africa Cape Town Yes
98%
Greece Izmir No
98%
Argentina Buenos Aires Yes
97%
Argentina Rio de Janeiro No
96%
South Africa Gaborone No
95%
South Africa Maseru No
95%
Norway Oslo Yes
95%
Greece Thessaloniki Yes
95%
Argentina Sucre No
94%
South Africa Mbabane No
93%
Norway Oulu No
93%
South Africa Pretoria Yes
93%
South Africa Xai-Xai No
93%
Greece Alexandria No
91%
Pakistan Dushanbe No
91%
Greece Heraklion Yes
91%
Pakistan Islamabad Yes
91%
South Africa Blantyre No
90%
Norway Malmö No
90%
Norway Uppsala No
90%
South Africa Bloemfontein Yes
88%
Pakistan Karachi Yes
87%
Argentina Potosí No
87%
Pakistan Pune No
87%
Pakistan Surabaya No
87%
Greece Limassol No
86%
Pakistan Lhasa No
85%
Argentina Curitiba No
84%
Pakistan Herat No
84%
Norway Örebro No
84%
Norway Aalborg No
83%
Norway Bergen Yes
82%
Pakistan Chandigarh No
80%
Pakistan Lahore Yes
80%
Greece Constanta No
79%
Norway Helsingborg No
79%
South Africa Port Elizabeth Yes
79%
Argentina Valparaiso No
78%
South Africa Walvis Bay No
78%
Norway Tromsø Yes
77%
Greece Patras Yes
76%
Argentina Rosario Yes
76%
South Africa Francistown No
74%
Argentina Concepcion No
73%
Norway Trondheim Yes
72%
Argentina Córdoba Yes
70%
Argentina Mendoza Yes
65%
Pakistan Peshawar Yes
61%
Greece Volos Yes
56%
Norway Stavanger Yes
54%
Norway Hammerfest Yes
53%
South Africa East London Yes
48%
Argentina Ushuaia Yes
38%
Pakistan Quetta Yes
34%
Pakistan Multan Yes
30%
Argentina Neuquén Yes
22%
No matching quizzes found
Score Distribution
Percent of People with Each Score
Percentile by Number Answered
Your Score History
You have not taken this quiz